| 000 | 00637nam a2200193 i 4500 | ||
|---|---|---|---|
| 001 | 99069 | ||
| 003 | ES-MaACL | ||
| 005 | 20230906182431.0 | ||
| 007 | t| | ||
| 008 | 051117s1969 pr ||||1| spa d | ||
| 080 | _a371.382 | ||
| 100 | 1 |
_aGoodwin, Nancy. _959122 |
|
| 245 | 1 | 0 |
_aJuegos para aprender el concepto de interacción / _cNancy Goodwin. |
| 260 |
_a[San Juan de Puerto Rico ?] : _bDepartamento de Instrucción Pública, _c1969. |
||
| 300 |
_a109 p. : _bil. ; _c21 cm. |
||
| 650 | 4 |
_aJuegos educativos. _914019 |
|
| 710 | 1 |
_aPuerto Rico. _bDepartamento de Instrucción Pública. _96275 |
|
| 852 |
_aES-MaACL _jE-11119 _bR.136720 |
||
| 999 |
_c99069 _d99069 |
||